[Event "EU-ch Hybrid U10"]
[White "Boldyrev, Maxim"]
[Black "Yurasov, Matfey"]
[Site "Tornelo INT"]
[Round "6"]
[Result "1-0"]
[Date "2021.10.15"]
[WhiteElo "1327"]
[BlackElo "1588"]
[PlyCount "131"]
[EventDate "2021.10.15"]
[EventType "swiss"]
[EventRounds "9"]
[EventCountry "NET"]
[SourceTitle "EXT 2023"]
[Source "ChessBase"]
[SourceDate "2022.10.05"]
[SourceVersion "1"]
[SourceVersionDate "2022.10.05"]
[SourceQuality "1"]
[WhiteTeam "Russia"]
[BlackTeam "Russia"]
[WhiteTeamCountry "RUS"]
[BlackTeamCountry "RUS"]

1. e4 c5 2. d4 cxd4 3. c3 dxc3 4. Nxc3 Nc6 5. Nf3 d6 6. Bc4 e6 7. 0-0 Nf6 8. Qe2 Be7 9. Rd1 e5 10. h3 h6 11. b4 a6 12. b5 axb5 13. Bxb5 Bd7 14. a4 0-0 15. Ba3 Rc8 16. Bxd6 Bxd6 17. Rxd6 Qe7 18. Rd2 Nd4 19. Nxd4 exd4 20. Nd5 Nxd5 21. exd5 Qxe2 22. Bxe2 Rfe8 23. Bb5 Bxb5 24. axb5 Rc5 25. Rxd4 Rxb5 26. Rc1 Rd8 27. d6 Rb6 28. d7 Kf8 29. f4 Ke7 30. Rcd1 Re6 31. Kf2 g6 32. g4 b5 33. Kf3 Rc6 34. h4 Rc3+ 35. Ke4 Rc7 36. Rb4 Rc5 37. Rbd4 f5+ 38. gxf5 gxf5+ 39. Kf3 Rc3+ 40. Kf2 Rc7 41. Re1+ Kf7 42. Re5 Kg6 43. Red5 b4 44. Rxb4 Rdxd7 45. Rb6+ Kh5 46. Rxf5+ Kg4 47. Ra5 Rc2+ 48. Ke3 Rc3+ 49. Ke4 Rc4+ 50. Ke5 Re7+ 51. Kf6 Rcc7 52. f5 Kh5 53. Re6 Rf7+ 54. Ke5 Rcd7 55. Raa6 Rh7 56. Ra8 Kxh4 57. Rae8 Rd1 58. Kf6 Rdd7 59. R8e7 Kh5 60. Rxh7 Rxh7 61. Re7 Rh8 62. Kg7 Rd8 63. f6 Rd1 64. Re5+ Kg4 65. Kxh6 Kf4 66. Ra5 1-0

[Event "EU-ch Hybrid U10"]
[White "Boryna, Szymon"]
[Black "Boldyrev, Maxim"]
[Site "Tornelo INT"]
[Round "3"]
[Result "0-1"]
[Date "2021.10.15"]
[WhiteElo "1082"]
[BlackElo "1327"]
[PlyCount "92"]
[EventDate "2021.10.15"]
[EventType "swiss"]
[EventRounds "9"]
[EventCountry "NET"]
[SourceTitle "EXT 2023"]
[Source "ChessBase"]
[SourceDate "2022.10.05"]
[SourceVersion "1"]
[SourceVersionDate "2022.10.05"]
[SourceQuality "1"]
[WhiteTeam "Poland"]
[BlackTeam "Russia"]
[WhiteTeamCountry "POL"]
[BlackTeamCountry "RUS"]

1. c4 Nf6 2. Nc3 g6 3. d4 Bg7 4. Nf3 0-0 5. e4 d6 6. Bd3 Bg4 7. h3 Bxf3 8. Qxf3 Nc6 9. Be3 Nd7 10. d5 Nde5 11. Qe2 Nxd3+ 12. Qxd3 Ne5 13. Qe2 f5 14. f4 Nd7 15. 0-0 Bxc3 16. bxc3 Nf6 17. exf5 gxf5 18. Bd4 Ne4 19. Qh5 Qe8 20. Qh4 c5 21. dxc6 bxc6 22. Be3 Nxc3 23. Qg5+ Qg6 24. Qh4 Rab8 25. Rf3 Rb2 26. Bf2 Ne4 27. Qxe7 Rfb8 28. Qh4 Rb1+ 29. Rxb1 Rxb1+ 30. Kh2 Rd1 31. Qd8+ Kg7 32. Qe7+ Qf7 33. Qxf7+ Kxf7 34. Bxa7 d5 35. cxd5 cxd5 36. Rb3 d4 37. Rb7+ Ke6 38. Rxh7 d3 39. Rh6+ Kd5 40. Rh5 Nd6 41. Kg3 Re1 42. Kf2 d2 43. g4 d1Q 44. gxf5 Ne4+ 45. Kg2 Qe2+ 46. Bf2 Qxf2# 0-1

[Event "EU-ch Hybrid U10"]
[White "Emanuilov, Radoslav"]
[Black "Boldyrev, Maxim"]
[Site "Tornelo INT"]
[Round "5"]
[Result "0-1"]
[Date "2021.10.15"]
[WhiteElo "1166"]
[BlackElo "1327"]
[PlyCount "38"]
[EventDate "2021.10.15"]
[EventType "swiss"]
[EventRounds "9"]
[EventCountry "NET"]
[SourceTitle "EXT 2023"]
[Source "ChessBase"]
[SourceDate "2022.10.05"]
[SourceVersion "1"]
[SourceVersionDate "2022.10.05"]
[SourceQuality "1"]
[WhiteTeam "Bulgaria"]
[BlackTeam "Russia"]
[WhiteTeamCountry "BUL"]
[BlackTeamCountry "RUS"]

1. d4 Nf6 2. Bg5 Ne4 3. Bf4 d6 4. f3 Nf6 5. e4 g6 6. Nc3 Bg7 7. Bc4 Be6 8. Bd3 0-0 9. Nge2 Nh5 10. Qd2 Nxf4 11. Qxf4 Bd7 12. Qe3 Nc6 13. g4 e5 14. d5 Nd4 15. h4 f5 16. gxf5 gxf5 17. Rg1 fxe4 18. Qh6 Nxf3+ 19. Kd1 Nxg1 0-1